| 000 | 00443nam a2200169Ia 4500 | ||
|---|---|---|---|
| 008 | 210716s2005 xx 000 0 und d | ||
| 020 | _a8178817934 | ||
| 041 | _aeng | ||
| 082 | _a658.4092 KUMK | ||
| 100 | _aKumar, K B S. | ||
| 245 |
_aServant leadership: an introduction. _bAn introduction. |
||
| 250 | _a1 | ||
| 260 |
_aHyderabad _bICFAI University Press _c2005 |
||
| 300 | _avii,185 | ||
| 650 | _aLeadership | ||
| 700 | _aKumar, K B S. | ||
| 999 |
_c202420 _d202420 |
||